00419nam a2200169Ia 4500003000400000005001700004008004100021020001800062040000700080041000800087082001900095100002000114245003800134260004800172300001600220365001300236OSt20230508112314.0210423s2011 xx 000 0 und d a9781107635951 cAL aeng a535.2 NEWG223 aNEW (Geoffrey). aIntroduction to nonlinear optics. aNew DelhibCambridge University Pressc2011 axiv,257bPB b345cINR